[Event "exe Slovakia Open 2025"]
[Site "Bratislava SVK"]
[Date "2025.09.15"]
[Round "3.12"]
[White "Elias, David"]
[Black "Jendrowiak, Maciej"]
[Result "1/2-1/2"]
[WhiteTitle "FM"]
[WhiteElo "2329"]
[BlackElo "2171"]
[WhiteFideId "14960141"]
[BlackFideId "21861374"]
[EventDate "2025.09.13"]

1. d4 Nf6 2. c4 e6 3. Nc3 Bb4 4. Qc2 O-O 5. e4 d5 6. e5 Ne4 7. Nf3 c5 8. Bd3 Nc6
9. O-O h6 10. cxd5 exd5 11. Nxd5 Qxd5 12. Bxe4 Nxd4 13. Nxd4 Qxd4 14. Bf4 Bf5
15. Bxf5 Qxf4 16. e6 fxe6 17. Bxe6+ Kh8 18. Rad1 Rad8 19. Bd5 Qc7 20. a3 Ba5 21.
Ba2 b5 22. Bb1 g5 23. a4 bxa4 24. Qxa4 c4 25. Rc1 Bb6 26. Qc2 Rf6 27. Kh1 Rdf8
28. Qc3 Ba5 29. b4 Bb6 30. Rce1 Qg7 31. Qxc4 Bxf2 32. Re6 Rxe6 33. Qxe6 Bd4 34.
Rd1 Bb6 35. h3 Rd8 36. Re1 Rf8 37. Bd3 Rd8 38. Bc4 Rf8 39. Rd1 Rf6 40. Qe4 Rf4
41. Qc6 Rf8 42. b5 Rf6 43. Qd5 Rf8 44. Re1 Qc3 45. Qe6 Qg7 46. Qd6 Bc7 47. Qa3
Bb6 48. Bd3 Rc8 49. Bf5 Rd8 50. Re7 Rd1+ 51. Kh2 Bc7+ 52. g3 Rd2+ 53. Kh1 Rd1+
54. Kg2 Rd2+ 55. Kf3 Qf6 56. g4 Rd3+ 57. Qxd3 Qxe7 1/2-1/2

[Event "exe Slovakia Open 2025"]
[Site "Bratislava SVK"]
[Date "2025.09.15"]
[Round "3.13"]
[White "Farkas, Gabor1"]
[Black "Dalgar, Hakki Berat"]
[Result "1/2-1/2"]
[WhiteTitle "IM"]
[BlackTitle "CM"]
[WhiteElo "2316"]
[BlackElo "1979"]
[WhiteFideId "14908034"]
[BlackFideId "6347444"]
[EventDate "2025.09.13"]

1. d4 Nf6 2. c4 e6 3. Nf3 Bb4+ 4. Nbd2 b6 5. a3 Bxd2+ 6. Bxd2 Bb7 7. Bg5 h6 8.
Bh4 d6 9. e3 g5 10. Bg3 Ne4 11. Nd2 Nxg3 12. hxg3 Nd7 13. Qa4 c5 14. d5 a6 15.
dxe6 fxe6 16. Be2 Bxg2 17. Bh5+ Ke7 18. Rh2 Bb7 19. O-O-O b5 20. Qc2 Nf6 21. Be2
Qb6 22. f4 b4 23. a4 g4 24. e4 e5 25. Bd3 Kd7 26. Rf1 Kc7 27. a5 Qc6 28. fxe5
dxe5 29. Rf5 Qd6 30. Rhf2 Raf8 31. Nf1 Bc8 32. Ne3 Bxf5 33. Nxf5 Qd7 34. Qe2 Kb7
35. Qe3 Qc6 36. Ne7 Qd6 37. Ng6 Rd8 38. Nxh8 Rxh8 39. Bc2 Nd7 40. Ba4 Nf6 41.
Rd2 Qc7 42. Qf2 Rf8 43. b3 Qe7 44. Qe3 Kc7 45. Qxh6 1/2-1/2

[Event "exe Slovakia Open 2025"]
[Site "Bratislava SVK"]
[Date "2025.09.15"]
[Round "3.14"]
[White "Beliavsky, Alexander G"]
[Black "Akdogan, Alperen"]
[Result "1-0"]
[WhiteTitle "GM"]
[BlackTitle "FM"]
[WhiteElo "2453"]
[BlackElo "2113"]
[WhiteFideId "14602377"]
[BlackFideId "6347363"]
[EventDate "2025.09.13"]

1. d4 Nf6 2. c4 e6 3. Nf3 Bb4+ 4. Bd2 Bxd2+ 5. Qxd2 d5 6. e3 O-O 7. Nc3 Qe7 8.
cxd5 exd5 9. Bd3 Nbd7 10. O-O c6 11. Qc2 Re8 12. Rfe1 Ne4 13. Nd2 Ndf6 14. f3
Nxd2 15. Qxd2 Be6 16. Rac1 Rad8 17. Qf2 Bc8 18. a3 g6 19. b4 a6 20. Na4 Qd6 21.
Nc5 Re7 22. Qg3 Qxg3 23. hxg3 Ne8 24. Kf2 h5 25. a4 Nd6 26. Nb3 Rde8 27. Rc3 Kg7
28. Nd2 Bf5 29. Be2 g5 30. Nf1 Bd7 31. Rb1 g4 32. Bd3 Kf6 33. Rc5 Nc4 34. Bxc4
b6 35. Rxd5 cxd5 36. Bxd5 Bxa4 37. e4 Rc7 38. Ne3 Kg5 39. e5 Bd7 40. Rf1 gxf3
41. Kxf3 f6 42. Ke4 Kg6 1-0

[Event "exe Slovakia Open 2025"]
[Site "Bratislava SVK"]
[Date "2025.09.15"]
[Round "3.15"]
[White "Hrbek, Stepan"]
[Black "Durana, Jonas"]
[Result "1-0"]
[WhiteTitle "IM"]
[WhiteElo "2446"]
[BlackElo "2112"]
[WhiteFideId "393479"]
[BlackFideId "73619663"]
[EventDate "2025.09.13"]

1. e3 Nf6 2. c4 d6 3. Nc3 g6 4. d4 Bg7 5. Nf3 O-O 6. Be2 Nbd7 7. O-O e5 8. b4 a5
9. b5 b6 10. Ba3 Re8 11. dxe5 Nxe5 12. Nxe5 Rxe5 13. Bf3 Rb8 14. Nd5 Nxd5 15.
cxd5 Qe8 16. Bb2 Re7 17. Bxg7 Kxg7 18. a4 Bf5 19. Rc1 h5 20. Qd4+ f6 21. Rc4 Rd8
22. Rfc1 Rdd7 23. h4 Rf7 24. Qd1 Rde7 25. R1c3 Kg8 26. Qc1 Qc8 27. e4 Bg4 28.
Bxg4 hxg4 29. Qh6 Rg7 30. Qf4 f5 31. Qxd6 fxe4 32. Qxb6 Qf5 33. Qe3 Qxd5 34. Rd4
Qh5 35. b6 cxb6 36. Rc8+ Kf7 37. Qb3+ Re6 38. Rd7+ Kf6 39. Rf8+ Ke5 40. Qb2# 1-0

[Event "exe Slovakia Open 2025"]
[Site "Bratislava SVK"]
[Date "2025.09.15"]
[Round "3.17"]
[White "Gubin, Dmitrii"]
[Black "Babula, Matej"]
[Result "1-0"]
[WhiteElo "2219"]
[BlackElo "2012"]
[WhiteFideId "13911848"]
[BlackFideId "398322"]
[EventDate "2025.09.13"]

1. c4 e6 2. g3 d5 3. Bg2 Nf6 4. Nf3 dxc4 5. O-O a6 6. Qc2 Nbd7 7. a4 a5 8. Qxc4
Nb6 9. Qc2 Nbd5 10. Nc3 Be7 11. d4 Nb4 12. Qd2 O-O 13. Rd1 c5 14. dxc5 Qxd2 15.
Bxd2 Bxc5 16. Rac1 b6 17. Nd4 Nbd5 18. Nb3 Be7 19. Nb5 Ba6 20. e4 Bxb5 21. axb5
Nb4 22. e5 Nfd5 23. Bxb4 Bxb4 24. Bxd5 exd5 25. Rxd5 a4 26. Rc4 Ba3 27. bxa3
axb3 28. a4 b2 29. Rb4 Rxa4 30. Rxb2 h5 31. Rc2 h4 32. Kg2 hxg3 33. hxg3 Re4 34.
Rc7 Re8 35. f4 g5 36. Kf3 Rb4 37. Rb7 gxf4 38. gxf4 Rc8 39. Rxb6 Kg7 40. Kg4 Rb8
41. Kf5 Kf8 1-0

[Event "exe Slovakia Open 2025"]
[Site "Bratislava SVK"]
[Date "2025.09.15"]
[Round "3.18"]
[White "Holly, Andrej"]
[Black "Kapinaj, Matus"]
[Result "1/2-1/2"]
[WhiteElo "2199"]
[BlackElo "2023"]
[WhiteFideId "14947781"]
[BlackFideId "14980703"]
[EventDate "2025.09.13"]

1. e4 c5 2. Nf3 d6 3. d4 cxd4 4. Qxd4 a6 5. c4 Nc6 6. Qd3 g6 7. Be2 Bg7 8. Nc3
Nf6 9. O-O O-O 10. a3 Be6 11. Bd2 Nd7 12. Qc2 Nde5 13. Nxe5 dxe5 14. Nd5 Nd4 15.
Qd3 Bd7 16. Bb4 Re8 17. Bc5 b5 18. Bb6 bxc4 19. Qxd4 exd4 20. Bxd8 d3 21. Bxd3
cxd3 22. Bxe7 Bc6 23. Bb4 Bxd5 24. exd5 a5 25. Bc3 Red8 26. Bxg7 Kxg7 27. Rfd1
Rxd5 28. Rd2 1/2-1/2

[Event "exe Slovakia Open 2025"]
[Site "Bratislava SVK"]
[Date "2025.09.15"]
[Round "3.19"]
[White "Zetocha, Adrian"]
[Black "Gouterney, Anton"]
[Result "1-0"]
[WhiteTitle "FM"]
[WhiteElo "2183"]
[BlackElo "2000"]
[WhiteFideId "14950430"]
[BlackFideId "34675418"]
[EventDate "2025.09.13"]

1. d4 d5 2. c4 c6 3. Nc3 Nf6 4. e3 Bf5 5. cxd5 cxd5 6. Qb3 Nc6 7. Qxb7 Bd7 8.
Qb3 Rb8 9. Qd1 e5 10. dxe5 Nxe5 11. Nf3 Bd6 12. Be2 O-O 13. O-O Qe7 14. a3 Rfc8
15. Qd4 Bc6 16. Rd1 a5 17. Nxe5 Bxe5 18. Qh4 Rd8 19. Bd3 h6 20. Ne2 Bxb2 21.
Bxb2 Rxb2 22. Ng3 Qe5 23. Nf5 Bd7 24. Qd4 Qxd4 25. Nxd4 Rdb8 26. a4 Ne4 27. Bb5
Nc3 28. Bxd7 Nxd1 29. Rxd1 Rd2 30. Rf1 Rbb2 31. Bc6 Kf8 32. Bxd5 f5 33. Bc6 g6
34. Bb5 Ke7 35. Nc6+ Kd6 36. Nxa5 1-0

[Event "exe Slovakia Open 2025"]
[Site "Bratislava SVK"]
[Date "2025.09.15"]
[Round "3.20"]
[White "Skrinar, Marek"]
[Black "Nadzamova, Viktoria"]
[Result "0-1"]
[BlackTitle "WFM"]
[WhiteElo "1956"]
[BlackElo "2129"]
[WhiteFideId "14940710"]
[BlackFideId "14943999"]
[EventDate "2025.09.13"]

1. e4 c5 2. Nf3 Nc6 3. Nc3 e5 4. Bc4 Be7 5. d3 Nf6 6. Nd2 Na5 7. Nf1 O-O 8. Ne3
d6 9. Ned5 Nxc4 10. dxc4 Nxd5 11. Nxd5 f5 12. exf5 Bxf5 13. Nxe7+ Qxe7 14. h4
Be6 15. b3 Qf6 16. Be3 Rad8 17. Qh5 Rd7 18. Qg5 Qf7 19. h5 Qe8 20. h6 g6 21. g4
a6 22. a4 b6 23. Rh3 Qa8 24. O-O-O b5 25. f4 Qg2 26. Rhh1 bxc4 27. Rhg1 Qe4 28.
f5 Bxf5 29. gxf5 Rxf5 30. Qg3 Rf3 31. Qg4 Qxe3+ 32. Kb1 cxb3 33. Qe6+ Kf8 34.
Rdf1 bxc2+ 35. Kxc2 Qd3+ 36. Kb2 Rb7+ 37. Ka1 Rxf1+ 0-1

[Event "exe Slovakia Open 2025"]
[Site "Bratislava SVK"]
[Date "2025.09.15"]
[Round "3.21"]
[White "Shtemler, Lavi"]
[Black "Zaiarski, Stepan"]
[Result "1/2-1/2"]
[WhiteElo "2185"]
[BlackElo "1987"]
[WhiteFideId "2812061"]
[BlackFideId "13907000"]
[EventDate "2025.09.13"]

1. e4 e5 2. Nf3 Nc6 3. Bb5 a6 4. Ba4 Nf6 5. O-O Nxe4 6. d4 b5 7. Bb3 d5 8. dxe5
Be6 9. c3 Bc5 10. Qd3 O-O 11. Nbd2 Nxd2 12. Bxd2 Ne7 13. Nd4 Bb6 14. Bg5 Qe8 15.
Bc2 Ng6 16. b4 a5 17. a3 axb4 18. cxb4 Bd7 19. Rfe1 c5 20. bxc5 Bxc5 21. h4 Qc8
22. Nb3 Re8 23. h5 Nf8 24. h6 g6 25. Nxc5 Qxc5 26. Be3 Qc4 27. f4 Bf5 28. Qxc4
bxc4 29. Bxf5 gxf5 30. Red1 Red8 31. g4 fxg4 32. f5 d4 33. Rxd4 Rxd4 34. Bxd4
Rd8 35. Bc5 Rd5 36. Bd6 f6 37. Rc1 fxe5 38. Bxf8 Kxf8 39. Rxc4 1/2-1/2

[Event "exe Slovakia Open 2025"]
[Site "Bratislava SVK"]
[Date "2025.09.15"]
[Round "3.22"]
[White "Smetana, Peter"]
[Black "Pacher, Milan"]
[Result "0-1"]
[BlackTitle "GM"]
[WhiteElo "1956"]
[BlackElo "2392"]
[WhiteFideId "14961946"]
[BlackFideId "14907445"]
[EventDate "2025.09.13"]

1. e4 e6 2. d4 d5 3. exd5 exd5 4. Bd3 c5 5. Nf3 c4 6. Be2 Bd6 7. b3 cxb3 8. axb3
Nc6 9. O-O Nf6 10. c4 O-O 11. Bg5 h6 12. Bxf6 Qxf6 13. Nc3 dxc4 14. Ne4 Qe7 15.
Nxd6 Qxd6 16. bxc4 Bg4 17. Rb1 Rab8 18. h3 Bxf3 19. Bxf3 Nxd4 20. Rxb7 a5 21.
Rxb8 Rxb8 22. Bd5 Qf6 23. Re1 Rb2 24. Re8+ Kh7 25. Bf3 g6 26. Re4 Nb3 27. Qd7
Nc5 28. Qe7 Nxe4 0-1

[Event "exe Slovakia Open 2025"]
[Site "Bratislava SVK"]
[Date "2025.09.15"]
[Round "3.23"]
[White "Sommerbauer-Cornell, Ben"]
[Black "Oruzinsky, Juraj"]
[Result "1/2-1/2"]
[BlackTitle "FM"]
[WhiteElo "1977"]
[BlackElo "2318"]
[WhiteFideId "494712"]
[BlackFideId "14962195"]
[EventDate "2025.09.13"]

1. e4 c5 2. d4 cxd4 3. c3 dxc3 4. Nxc3 e6 5. Nf3 d6 6. Bc4 a6 7. O-O Nc6 8. Qe2
Be7 9. Rd1 Qc7 10. Bf4 Nf6 11. Rac1 O-O 12. e5 dxe5 13. Bg3 Nh5 14. Bxe5 Nxe5
15. Nxe5 Bf6 16. Nf3 Bd7 17. Ne4 Bc6 18. Nd4 Bxd4 19. Rxd4 Bxe4 20. Qxe4 b5 21.
Qxh7+ Kxh7 22. Bd3+ f5 23. Rxc7 Rfd8 24. Rcd7 Rxd7 25. Rxd7 Kg6 26. g3 Nf6 27.
Rd6 Kf7 28. Kf1 Ke7 29. Rb6 Nd5 30. Rb7+ Kf6 31. a4 bxa4 32. Bc4 a5 33. Bb5 Rc8
34. Bxa4 Rc1+ 35. Kg2 Ra1 36. Bb3 Nb4 37. Rb6 Re1 38. Rb5 Re2 39. Bc4 Rxb2 40.
Rxa5 Rc2 41. Ba6 g5 42. h3 f4 43. Ra3 Nd5 44. Kf3 Ke5 45. Bb7 fxg3 46. fxg3 Ne7
47. Be4 Rc4 48. Ra5+ Kf6 49. Ra3 Rb4 50. Ke3 Nc8 51. Bd3 Nd6 52. Rc3 Nf7 53. Ra3
Ne5 54. Rc3 Ra4 55. Rb3 Ra1 56. Kf2 Ra2+ 57. Be2 Kf5 58. Rb2 Ra3 59. Rb4 Ra2 60.
Ke3 Nc6 61. Rc4 Ne5 62. Rb4 Kf6 63. h4 Ra3+ 64. Kd2 Rxg3 65. hxg5+ Rxg5 66. Ke3
Ke7 67. Rd4 Rg2 68. Rb4 Ng6 69. Rg4 Rxg4 70. Bxg4 e5 71. Bc8 Nf4 72. Bf5 Kf6 1/2-1/2

[Event "exe Slovakia Open 2025"]
[Site "Bratislava SVK"]
[Date "2025.09.15"]
[Round "3.24"]
[White "Iankin, Arseni"]
[Black "Marchesich, Giovanni"]
[Result "1/2-1/2"]
[BlackTitle "CM"]
[WhiteElo "1976"]
[BlackElo "2189"]
[WhiteFideId "24224073"]
[BlackFideId "2824790"]
[EventDate "2025.09.13"]

1. e4 c6 2. d4 d5 3. e5 Bf5 4. h4 h5 5. Bd3 Bxd3 6. Qxd3 Qa5+ 7. b4 Qa6 8. Qd1
e6 9. c3 Qb6 10. Nf3 a5 11. bxa5 Qxa5 12. O-O Qa4 13. Qd3 Ne7 14. Ba3 Nd7 15.
Bd6 c5 16. Nbd2 c4 17. Qb1 b6 18. a3 g6 19. g3 Nc6 20. Bb4 Be7 21. Kg2 Kf8 22.
Ng5 Kg7 1/2-1/2

[Event "exe Slovakia Open 2025"]
[Site "Bratislava SVK"]
[Date "2025.09.15"]
[Round "3.25"]
[White "Bujukliev, Nikola"]
[Black "Sipka, Mladen"]
[Result "1-0"]
[WhiteElo "2130"]
[BlackElo "1954"]
[WhiteFideId "15000907"]
[BlackFideId "911976"]
[EventDate "2025.09.13"]

1. c4 Nf6 2. Nc3 g6 3. d4 d5 4. Bf4 Bg7 5. Qd2 c6 6. Nf3 Bf5 7. cxd5 Nxd5 8. Be5
f6 9. Bg3 Be6 10. e4 Nxc3 11. bxc3 O-O 12. h4 Bf7 13. h5 c5 14. Rd1 cxd4 15.
cxd4 Nc6 16. d5 Na5 17. Bd3 Rc8 18. Qe2 Qb6 19. hxg6 hxg6 20. Kf1 Rfd8 21. Nh4
e6 22. d6 Rc5 23. e5 f5 24. f4 Nc6 25. Nf3 Rd5 26. Bf2 Qa5 27. g3 Nb4 28. Bc4
Be8 29. Bxd5 Nxd5 30. Rc1 Bc6 31. Nd4 Nc3 32. Qd3 Qa3 33. Kg1 Qb2 34. Kh2 Bxh1
35. Rxh1 1-0

[Event "exe Slovakia Open 2025"]
[Site "Bratislava SVK"]
[Date "2025.09.15"]
[Round "3.26"]
[White "Schroeder, Lennart"]
[Black "Kudela, Oliver"]
[Result "1/2-1/2"]
[WhiteElo "2126"]
[BlackElo "1894"]
[WhiteFideId "16222490"]
[BlackFideId "14971755"]
[EventDate "2025.09.13"]

1. d4 d5 2. c4 e6 3. Nf3 Nf6 4. g3 Be7 5. Bg2 O-O 6. O-O dxc4 7. Qc2 a6 8. a4
Nbd7 9. Qxc4 b5 10. Qb3 Rb8 11. axb5 axb5 12. Ne5 Nxe5 13. dxe5 Nd7 14. Rd1 c5
15. Ra7 c4 16. Qe3 Qe8 17. Bc6 Bc5 18. Qxc5 Nxc5 19. Bxe8 Rxe8 20. Na3 Na4 21.
Nxc4 bxc4 22. Rxa4 Rb5 23. Rxc4 Rxe5 24. e4 Ba6 25. Bf4 Bxc4 26. Bxe5 Be2 27.
Re1 Bb5 28. Rc1 f6 29. Bc7 Rc8 30. f4 Kf7 31. e5 Ke8 32. Rc5 Bd3 33. Rc3 Bb5 34.
exf6 gxf6 35. Rb3 Bc4 36. Rb7 Bd5 37. Ra7 Ra8 38. Rxa8+ Bxa8 39. g4 Kf7 40. Kf2
Kg6 41. h4 h5 42. g5 fxg5 43. fxg5 Kf5 44. Ke3 e5 45. b4 Bc6 46. Bd8 Bb5 47. Bb6
Bc6 48. Bc5 Be8 49. Kf3 Bc6+ 50. Kg3 Be8 51. Be3 Bc6 52. Bf2 Be8 53. Kf3 Bc6+
54. Ke3 Be8 55. Kd3 Bb5+ 56. Kc3 Kg6 57. Bg3 Kf5 58. g6 Kxg6 59. Bxe5 Kf5 60.
Kd4 Ke6 1/2-1/2

[Event "exe Slovakia Open 2025"]
[Site "Bratislava SVK"]
[Date "2025.09.15"]
[Round "3.27"]
[White "Bury, Rastislav"]
[Black "Mikusik, Marian"]
[Result "0-1"]
[WhiteElo "2096"]
[BlackElo "1947"]
[WhiteFideId "14907585"]
[BlackFideId "14905345"]
[EventDate "2025.09.13"]

1. d4 g6 2. c4 Bg7 3. Nc3 d6 4. g3 f5 5. Bg2 Nf6 6. Nf3 O-O 7. O-O c6 8. b3 Qc7
9. Qc2 e5 10. dxe5 dxe5 11. Ba3 Rd8 12. Rad1 e4 13. Ng5 h6 14. Nh3 g5 15. Rxd8+
Qxd8 16. Rd1 Qe8 17. f3 exf3 18. exf3 Be6 19. Ne2 Bd7 20. Kf2 Qf7 21. Nd4 Ng4+
22. fxg4 fxg4+ 23. Kg1 gxh3 24. Be4 Bg4 25. Rd2 Nd7 26. Nf5 Bxf5 27. Bxf5 Ne5
28. Qe4 Re8 29. Bd6 Qf6 30. g4 Nf3+ 31. Qxf3 Qa1+ 32. Rd1 Re1+ 33. Rxe1 Qxe1+ 0-1

[Event "exe Slovakia Open 2025"]
[Site "Bratislava SVK"]
[Date "2025.09.15"]
[Round "3.28"]
[White "Mandak, Miroslav"]
[Black "Gay, Lukas"]
[Result "0-1"]
[WhiteElo "1947"]
[BlackElo "2093"]
[WhiteFideId "14902990"]
[BlackFideId "14966433"]
[EventDate "2025.09.13"]

1. Nf3 Nf6 2. d4 g6 3. c4 Bg7 4. Nc3 O-O 5. e3 c5 6. Be2 cxd4 7. Nxd4 d5 8. cxd5
Nxd5 9. Nxd5 Qxd5 10. O-O Rd8 11. Nb5 Qxd1 12. Rxd1 Rxd1+ 13. Bxd1 Nc6 14. Nc3
Be6 15. Kf1 Rd8 16. Bb3 Bxb3 17. axb3 a6 18. Ke2 Nb4 19. Bd2 Nd3 20. Ra2 Nxf2
21. Ra1 Nd3 22. Rb1 b5 23. Nd1 Nc5 24. b4 Ne4 25. Be1 f5 26. Rc1 Rd6 27. Rc7 Kf7
28. Nc3 Bxc3 29. Bxc3 Nxc3+ 30. bxc3 Kf6 31. h4 h6 32. Rc5 e5 33. g3 g5 34.
hxg5+ hxg5 35. Rc8 Kg6 36. Re8 e4 37. g4 fxg4 38. Rxe4 Kh5 39. Kf2 Kh4 40. Rd4
Rc6 41. Rd3 g3+ 42. Kg2 Rf6 43. Rd4+ g4 44. Rd8 Rf2+ 45. Kg1 Rc2 46. Rh8+ Kg5
47. Ra8 Ra2 48. Rf8 Rc2 49. Ra8 Rxc3 50. Rxa6 Rxe3 51. Rb6 Re5 52. Kg2 Kf4 53.
Rf6+ Ke3 0-1

[Event "exe Slovakia Open 2025"]
[Site "Bratislava SVK"]
[Date "2025.09.15"]
[Round "3.29"]
[White "Canella, Jacopo"]
[Black "Barbir, Petar"]
[Result "1/2-1/2"]
[WhiteElo "2080"]
[BlackElo "1923"]
[WhiteFideId "2864750"]
[BlackFideId "14596466"]
[EventDate "2025.09.13"]

1. e4 c5 2. Nc3 g6 3. g3 Bg7 4. Bg2 Nc6 5. d3 d6 6. Be3 Nf6 7. h3 Bd7 8. Qd2 b5
9. Nxb5 Rb8 10. c4 a6 11. Nc3 Ne5 12. Rb1 Qa5 13. Nge2 h5 14. f4 Nc6 15. O-O Qb6
16. b3 h4 17. g4 Qb4 18. Rbc1 e6 19. Rf2 Ng8 20. d4 cxd4 21. Nxd4 Nge7 22. f5
Be5 23. fxe6 fxe6 24. Rcf1 Bg3 25. Rf6 Be5 26. Rf7 Nxd4 27. Bxd4 Nc6 28. Bxe5
Qc5+ 29. Qf2 Qxf2+ 30. R7xf2 Nxe5 31. Rd2 Ke7 32. Ne2 a5 33. Nd4 a4 34. Rfd1
axb3 35. axb3 Rhf8 36. Ra2 Rb6 37. Ra7 Kf6 38. Rf1+ Ke7 39. Rfa1 Rfb8 40. Rc7
R8b7 41. Ra7 Rxa7 42. Rxa7 Kf6 43. Rc7 g5 44. Ra7 Be8 45. Ra8 1/2-1/2

[Event "exe Slovakia Open 2025"]
[Site "Bratislava SVK"]
[Date "2025.09.15"]
[Round "3.30"]
[White "Sekova, Olivia"]
[Black "Bartolome Martin, Angel"]
[Result "1-0"]
[WhiteElo "2102"]
[BlackElo "1919"]
[WhiteFideId "14959690"]
[BlackFideId "24527823"]
[EventDate "2025.09.13"]

1. e4 c5 2. Nf3 d6 3. Bb5+ Nd7 4. d4 cxd4 5. Qxd4 a6 6. Bxd7+ Qxd7 7. Nc3 e5 8.
Qd3 Qc6 9. O-O Be6 10. Rd1 Nf6 11. Bg5 Nd7 12. Nd5 Rc8 13. c3 Bxd5 14. Qxd5 Qxd5
15. Rxd5 h6 16. Be3 Nf6 17. Rd3 Nxe4 18. Nh4 g6 19. f4 Be7 20. Nf3 f6 21. Nh4 g5
22. Ng6 Rg8 23. f5 Kf7 24. g4 Rgd8 25. Bb6 Rd7 26. a4 Bd8 27. Bxd8 Rdxd8 28. Rd5
Rc5 29. Rad1 Rxd5 30. Rxd5 Rc8 31. Kg2 Rc6 32. Kf3 Nc5 33. a5 Nd7 34. Ke4 Nf8
35. Nxf8 Kxf8 36. Rd3 Rc4+ 37. Kd5 Rxg4 38. Ke6 e4 39. Rxd6 e3 40. Kxf6 Re4 41.
Rd1 e2 42. Re1 g4 43. Kg6 Re5 44. f6 h5 45. b4 h4 46. c4 1-0

[Event "exe Slovakia Open 2025"]
[Site "Bratislava SVK"]
[Date "2025.09.15"]
[Round "3.31"]
[White "Ondreicka, Roman"]
[Black "Zawisza, Alan"]
[Result "0-1"]
[WhiteElo "1938"]
[BlackElo "2084"]
[WhiteFideId "14980231"]
[BlackFideId "91131456"]
[EventDate "2025.09.13"]

1. d4 Nf6 2. Nf3 g6 3. c4 Bg7 4. g3 O-O 5. Bg2 c6 6. O-O d6 7. Nc3 Bf5 8. Nh4
Be6 9. Qd3 d5 10. b3 Na6 11. a3 c5 12. e3 Rc8 13. cxd5 Nxd5 14. Nxd5 Bxd5 15.
Rd1 cxd4 16. exd4 Nc5 17. dxc5 Bxg2 18. Qxd8 Rfxd8 19. Rxd8+ Rxd8 20. Ra2 Bh3
21. Rd2 Rxd2 22. Bxd2 Bb2 23. a4 Kg7 24. Nf3 a6 25. Be3 e5 26. Nd2 Be6 27. Kf1
f5 28. Ke2 Kf6 29. h4 e4 30. b4 Ke5 31. Bh6 Ba3 32. Bg7+ Kd5 33. Bc3 a5 34. bxa5
Kxc5 35. Ke3 Kd5 36. Ke2 Bd7 37. Ke3 Bc5+ 38. Ke2 Bxa4 39. Ke1 Bc2 40. Ke2 Bd4 0-1

[Event "exe Slovakia Open 2025"]
[Site "Bratislava SVK"]
[Date "2025.09.15"]
[Round "3.32"]
[White "Sichnenko, Grigorij"]
[Black "Reichel, Lukasz"]
[Result "0-1"]
[WhiteElo "2047"]
[BlackElo "1905"]
[WhiteFideId "14972557"]
[BlackFideId "1135961"]
[EventDate "2025.09.13"]

1. d4 d5 2. Nf3 Nf6 3. c4 c6 4. Nc3 g6 5. g3 Bg7 6. Bg2 O-O 7. cxd5 cxd5 8. Ne5
e6 9. O-O Nfd7 10. Nxd7 Bxd7 11. b3 Qa5 12. Bb2 Rc8 13. Rc1 Nc6 14. Na4 Ne7 15.
Nc5 Bc6 16. a4 Qd8 17. b4 b6 18. Nd3 Nf5 19. b5 Bb7 20. e3 Rxc1 21. Qxc1 Rc8 22.
Qd2 Nd6 23. Rc1 Nc4 24. Qb4 Bf8 25. Qb3 Bd6 26. Bc3 Rc7 27. Bf1 Qc8 28. Bb4 f6
29. Rc3 Kf7 30. Qc2 Bxb4 31. Nxb4 Ke7 32. f3 Kd7 33. Bxc4 Rxc4 34. Rxc4 Qxc4 35.
Qxc4 dxc4 36. Kf2 f5 37. Ke2 Kd6 38. h4 e5 39. Nc2 Kd5 40. Kd2 h6 41. Kc3 0-1

[Event "exe Slovakia Open 2025"]
[Site "Bratislava SVK"]
[Date "2025.09.15"]
[Round "3.33"]
[White "Malaschitz, Teodor"]
[Black "Janik, Marek Tobias"]
[Result "0-1"]
[WhiteElo "1899"]
[BlackElo "2045"]
[WhiteFideId "73621153"]
[BlackFideId "73612715"]
[EventDate "2025.09.13"]

1. e4 c5 2. Nf3 a6 3. c4 Nc6 4. Nc3 e5 5. Be2 g6 6. O-O Bg7 7. d3 Nge7 8. Be3 d6
9. Ne1 O-O 10. Qd2 Nd4 11. Nc2 Bd7 12. Rab1 b5 13. cxb5 axb5 14. b4 cxb4 15.
Nxb4 Qa5 16. Qb2 Rfc8 17. Bxd4 exd4 18. Ncd5 Nxd5 19. exd5 Rc5 20. Bf3 Qa3 21.
Qxa3 Rxa3 22. Be4 f5 23. Bf3 Bh6 24. Rfd1 Kf8 25. Kf1 Bg5 26. Rb2 Bd8 27. Nc2
Ra4 28. Rdb1 Ba5 29. a3 Bc3 30. Rb3 Rc8 31. h3 h5 32. g3 Re8 33. Kg2 Kg7 34. Rc1
Rea8 35. Bd1 R4a5 36. Rcb1 Re8 37. Rc1 Kh6 38. Nb4 Rea8 39. Nc2 g5 40. Rcb1 g4
41. f3 gxh3+ 42. Kxh3 f4+ 43. g4 Kg5 44. Be2 Re8 45. Bf1 Re5 46. Kg2 hxg4 47.
fxg4 Rxd5 48. Be2 Re5 49. Bf3 Be6 0-1

[Event "exe Slovakia Open 2025"]
[Site "Bratislava SVK"]
[Date "2025.09.15"]
[Round "3.34"]
[White "Striskova, Lucia"]
[Black "Michalska, Aleksandra"]
[Result "1/2-1/2"]
[WhiteTitle "WFM"]
[WhiteElo "2042"]
[BlackElo "1892"]
[WhiteFideId "14960958"]
[BlackFideId "1193953"]
[EventDate "2025.09.13"]

1. e4 d6 2. d4 Nf6 3. Nc3 Nbd7 4. Nf3 e5 5. Bc4 Be7 6. h3 a6 7. a4 b6 8. g4 Bb7
9. d5 Nc5 10. Qe2 a5 11. Bb5+ Nfd7 12. Be3 O-O 13. O-O-O Ba6 14. h4 Qc8 15. Kb1
Bxb5 16. axb5 Re8 17. Rdg1 Bf8 18. h5 Qb7 19. Bc1 g6 20. hxg6 hxg6 21. Rh2 Bg7
22. Rgh1 Nf6 23. Ng5 Re7 24. Nh7 Ncd7 25. Qf3 Nxh7 26. Rxh7 f6 27. g5 Rf8 28.
Qh3 f5 29. exf5 Rxf5 30. Rxg7+ Rxg7 31. Qh8+ Kf7 32. Qd8 Nf8 33. Rh8 Rg8 34.
Rxg8 Kxg8 35. Ne4 Qxd5 36. Nf6+ Rxf6 37. gxf6 Qf7 38. Bh6 e4 39. Bg5 Kh7 40. b3
Ne6 41. Qe7 Kg8 42. Bc1 Qxe7 43. fxe7 Kf7 44. Bb2 Nf4 45. Bf6 Ne2 46. c4 Nf4 47.
Kc2 Nh5 48. Bg5 1/2-1/2

[Event "exe Slovakia Open 2025"]
[Site "Bratislava SVK"]
[Date "2025.09.15"]
[Round "3.35"]
[White "Livnansky, Tomas"]
[Black "Thompson, Ian D"]
[Result "1/2-1/2"]
[BlackTitle "FM"]
[WhiteElo "1874"]
[BlackElo "2006"]
[WhiteFideId "14967634"]
[BlackFideId "405205"]
[EventDate "2025.09.13"]

1. d4 d5 2. c4 e6 3. Nc3 Nf6 4. cxd5 exd5 5. Bg5 c6 6. e3 Bf5 7. Bd3 Bxd3 8.
Qxd3 Be7 9. Nf3 Nbd7 10. O-O O-O 11. Rfc1 Ne4 12. Bf4 Ndf6 13. a3 a5 14. Nd2 Re8
15. Ndxe4 dxe4 16. Nxe4 Nxe4 17. Qxe4 Bxa3 18. Qc2 Bb4 19. Rd1 Qe7 20. Rd3 Rac8
21. Rad1 h5 22. h3 Qe6 23. Qe2 Qf5 24. Qf3 Qd5 25. Be5 Qxf3 26. gxf3 c5 27. Rc1
c4 28. Rdd1 b5 29. Bf4 Red8 30. e4 c3 31. bxc3 Bxc3 32. d5 f6 33. d6 Rd7 34. Rd3
b4 35. Bd2 a4 36. f4 Kf7 37. e5 Ke6 38. Bxc3 Rxc3 39. Rcxc3 bxc3 40. Rxc3 fxe5
41. fxe5 Kxe5 42. Ra3 Rxd6 43. Rxa4 1/2-1/2